000 00478nam a22001937a 4500
003 MPLRDC
005 20220104143533.0
008 210129b ||||| |||| 00| 0 eng d
020 _a957-494-048-9
082 _a416.252 ZXSZ
100 _a宗像伸子
245 _a针对骨质疏松症的强钙料理
_c
250 _a初版
260 _a
_b主妇之友
_c1998
300 _b
490 _a健康厨房. 6
650 _a骨质疏松症
942 _cBK
_o416.252 ZXSZ
999 _c40886
_d40876